| 000 | 00364nam a22001457a 4500 | ||
|---|---|---|---|
| 008 | 210222b ||||| |||| 00| 0 eng d | ||
| 020 | _a9781559638579 | ||
| 041 | _aeng | ||
| 080 | _a574 | ||
| 082 | _a574 | ||
| 100 | _a9 | ||
| 101 | _aMJE | ||
| 245 |
_aUnderstanding Transformations in Human and Natural Systems _cGunderson,L,H & Holling,C.S |
||
| 942 |
_2udc _cBK |
||
| 999 |
_c55095 _d55095 |
||